Fr. Conceicao Rodrigues College of Engineering

Krishnamurthi Siddhant (Record no. 36115)

MARC details
000 -LEADER
fixed length control field 00371nam a22001337a 4500
003 - CONTROL NUMBER IDENTIFIER
control field OSt
005 - DATE AND TIME OF LATEST TRANSACTION
control field 20250210094002.0
008 - FIXED-LENGTH DATA ELEMENTS--GENERAL INFORMATION
fixed length control field 250210b |||||||| |||| 00| 0 eng d
040 ## - CATALOGING SOURCE
Transcribing agency
082 ## - DEWEY DECIMAL CLASSIFICATION NUMBER
Classification number 133.50954/TAL
245 ## - TITLE STATEMENT
Title Krishnamurthi Siddhant
Statement of responsibility, etc. Jyotindra Husbe
Medium Marati
260 ## - PUBLICATION, DISTRIBUTION, ETC.
Date of publication, distribution, etc. 2013
942 ## - ADDED ENTRY ELEMENTS (KOHA)
Source of classification or shelving scheme Dewey Decimal Classification
Koha item type BOOK
Classification part 133.50954
Item part JYO
Call number prefix 133.50954
Call number suffix JYO
Suppress in OPAC No
Holdings
Withdrawn status Lost status Source of classification or shelving scheme Damaged status Not for loan Collection Home library Current library Date acquired Cost, normal purchase price Inventory number Total Checkouts Full call number Barcode Date due Date last seen Date last checked out Price effective from Koha item type
    Dewey Decimal Classification     General Fr. Agnel's C.Rodrigues College of Engineering Fr. Agnel's C.Rodrigues College of Engineering 10/02/2025 250.00 226 dt 21.01.2025 /Gajanan book 2 133.50954/JYO 26595 19/08/2026 21/05/2026 21/05/2026 10/02/2025 BOOK